| 000 | 00482nam a22001577a 4500 | ||
|---|---|---|---|
| 005 | 20120615131551.0 | ||
| 020 |
_a1403926662 _cRs. 185.00 (pbk) |
||
| 035 | _aB-182337 | ||
| 037 |
_aDPL _bENG |
||
| 245 |
_aRisk management : _b(For CAIIB examination) / |
||
| 250 | _arprn. | ||
| 260 |
_aDelhi _bMacmillan _c2006 |
||
| 300 |
_a345p. _c22 cms. |
||
| 942 |
_2ddc _cEN _h368 _mRIS |
||
| 999 |
_c67986 _d67986 |
||